000 00762nam a22002177a 4500
003 OSt
005 20260312065849.0
008 260312b |||||||| |||| 00| 0 eng d
020 _a0-06-447109-8
040 _aDWCL GS lib
_cOC
082 _aL585s 1981
100 _aLEWIS, C.S.
245 _aThe silver chair
_c C.S. LEWIS
260 _aNew York
_bHarper Trophy
_c1981
300 _a257 p
_c17cm
520 _afollows Eustace Scrubb and Jill Pole on a quest from Aslan to find King Caspian’s missing son, Prince Rilian, in Narnia
650 _athe characters Eustace Scrubb, Jill Pole, and the Marsh-wiggle Puddleglum.
650 _athe vital importance of holding onto truth, faith, and divine guidance
700 _a C.S. LEWIS
942 _2ddc
_cFIC.
_n0
999 _c9053
_d9053